|
|
|
|
| LEADER |
00000nam a22000007a 4500 |
| 005 |
20180802001338.0 |
| 007 |
cr|||| |||| |
| 008 |
180802s2018 mx |||||s|||| 00||0 spa d |
| 020 |
|
|
|a 978-607-8552-67-2
|
| 035 |
|
|
|a 21910
|
| 040 |
|
|
|a vLex
|
| 090 |
|
|
|c 8089
|d 8089
|
| 100 |
1 |
|
|a Lp̤ez Cruz, Fernando
|
| 245 |
1 |
0 |
|a Dictamen Fiscal de acuerdo con las Normas Internacionales de Auditora̕
|h [Recurso electrn̤ico] /
|c Fernando Lp̤ez Cruz
|
| 256 |
|
|
|a Servicio en ln̕ea
|
| 260 |
|
|
|a Mx̌ico DF:
|b Instituto Mexicano de Contadores Pb︢licos,
|c 2018
|
| 300 |
|
|
|a 1 recurso electrn̤ico
|
| 500 |
|
|
|a Esta obra refleja el gusto del autor y su perseverancia en la lectura y en la investigacin̤ del ejercicio de la Contadura̕ Pb︢lica. Durante ms̀ de dos dčadas, mediante conferencias y escritos, el autor ha divulgado las novedades en la normatividad que se relaciona con la informacin̤ financiera y el dictamen del auditor independiente, como se muestra en esta 27® edicin̤ del libro que incluye lo relacionado con la opinin̤ certificada del Contador Pb︢lico, con efectos de fe pb︢lica respecto a estados de cuenta en los que consten operaciones que celebren las instituciones financieras reguladas por la Ley Fintech.
|
| 506 |
1 |
|
|a Disponible solo en los productos indicados
|d vLex Global
|d vLex Global (Academic Edition, excluding Law Schools)
|d vLex Global (U.S. Academic Edition, Law Schools)
|d vLex Global (U.S. Academic Edition, excluding Law Schools)
|d vLex Global (Academic Edition, Law Schools)
|
| 650 |
0 |
4 |
|a Derecho Fiscal
|z Mx̌ico
|
| 650 |
0 |
4 |
|a Inspeccin̤ tributaria
|z Mx̌ico
|
| 740 |
0 |
|
|a vLex Libros (Servicio en ln̕ea)
|
| 856 |
4 |
0 |
|u http://vlex.com/source/dictamen-fiscal-de-acuerdo-con-las-normas-internacionales-de-auditoria-21910
|z Acceso restringido
|
| 942 |
|
|
|c BOOK
|
| 999 |
0 |
|
|a Tax Law
|
| 999 |
0 |
|
|a Tax inspection
|